| 000 | 00571nam a2200181 i 4500 | ||
|---|---|---|---|
| 001 | 141878 | ||
| 003 | ES-MaACL | ||
| 005 | 20250831120105.0 | ||
| 007 | t| | ||
| 008 | 070928s1933 sp ||||1| spa d | ||
| 100 | 1 |
_aViñas y Mey, Carmelo _9115384 |
|
| 245 | 1 | 3 |
_aLa reforma agraria en España en el siglo XIX / _cCarmelo Viñas y Mey. |
| 260 |
_aSantiago : _b[s.n.], _c1933 ( _fTip. de "El Eco Franciscano") |
||
| 300 |
_a65 p. ; _c25 cm. |
||
| 650 | 1 | 4 |
_aReforma agraria- _zEspaña- _yS.XIX _916721 |
| 852 |
_aES-MaACL _j1777-F-6 |
||
| 999 |
_c141878 _d141878 |
||